Οίνου Τριλογία / Η Παραγωγική Διαδικασία - Η Αρμονία των Γεύσεων - Η Κάβα στο Σπίτι (Record no. 2346)
[ view plain ]
| 000 -LEADER | |
|---|---|
| fixed length control field | 01451cam a22001694a 4500 |
| 005 - ΗΜΕΡΟΜΗΝΙΑ ΚΑΙ ΩΡΑ ΤΕΛΕΥΤΑΙΑΣ ΕΝΗΜΕΡΩΣΗΣ | |
| Πεδίο ελέγχου | 20250605164038.0 |
| 008 - FIXED-LENGTH DATA ELEMENTS--GENERAL INFORMATION | |
| Πεδίο ελέγχου σταθερού μήκους | 250528s ||||||||||||||||||||||||d |
| 035 ## - SYSTEM CONTROL NUMBER | |
| System control number | 16896 |
| 040 ## - ΠΗΓΗ ΚΑΤΑΛΟΓΟΓΡΑΦΗΣΗΣ | |
| Φορέας πρωτότυπης καταλογογράφησης | MC Athens Campus Library |
| Γλώσσα καταλογογράφησης | Ελληνικά, Μοντέρνα (1453-) |
| Modifying agency | MC Athens Campus Library |
| Κανόνες περιγραφικής καταλογογράφησης | AACR2 |
| 245 1# - ΤΙΤΛΟΣ ΚΑΙ ΔΗΛΩΣΗ ΥΠΕΥΘΥΝΟΤΗΤΑΣ | |
| Τίτλος | Οίνου Τριλογία / Η Παραγωγική Διαδικασία - Η Αρμονία των Γεύσεων - Η Κάβα στο Σπίτι |
| 300 ## - PHYSICAL DESCRIPTION | |
| Extent | 41 |
| 520 ## - SUMMARY, ETC. | |
| Summary, etc. | Η Παραγωγική Διαδικασία, Ατενίζοντας τον Μύθο, Οι Ζώνες Καλλιέργειας της Αμπέλου, Το Τρίπτυχο της Επιτυχίας, Μια Γνωριμία με το Σταφύλι, Περί Οινοποίησης ο Λόγος, Η Διαδικασία της Γλευκοποίησης, Προσοχή στο Διοξείδιο του Άνθρακα, Λίγο μετά τη Ζύμωση, Αρμονία των Γεύσεων, Βρώσις και Πόσις, Η Τέχνη του Σερβιρίσματος, Το Κρασί στο Εστιατόριο, Οι Γυναίκες και το Πικ-Νικ, Περι Γευστικής Αυτογνωσίας, Οι Δέκα Εντολές του Σερβιρίσματος, Η Κάβα στο Σπίτι, Το Κρασί Ζει και Πεθαίνει, Οι Δέκα Εντολές του Καβίστα. |
| 700 1# - ΠΡΟΣΘΕΤΗ ΑΝΑΓΡΑΦΗ--ΦΥΣΙΚΟ ΠΡΟΣΩΠΟ | |
| Personal name | Δημήτρης Χατζηνικολάου |
| 9 (RLIN) | 2988 |
| 942 ## - ADDED ENTRY ELEMENTS (KOHA) | |
| Koha item type | Books |
| Τύπος τεκμηρίου | Βιβλιοθήκη | Τρέχουσα τοποθεσία | Barcode | Αριθμός εισαγωγής | Ημερομηνία απόκτησης | Ταξιθετικό σύμβολο | Αριθμός αντιτύπου | Κατάσταση απόσυρσης | Κατάσταση χαμένου | Κατάσταση κατεστραμμένου | Μη δανεισμός | Σύνολο δανεισμών | Ημερομηνία τελευταίας εμφάνισης | Η τιμή ισχύει από |
|---|---|---|---|---|---|---|---|---|---|---|---|---|---|---|
| Books | MC Athens Campus Library | MC Athens Campus Library | 9780000023452 | 5552 | 05/06/2025 | 641.5 HAT | 1 | 05/06/2025 | 05/06/2025 |